Dynamic programming : deterministic and stochastic models

Saved in:
Bibliographic Details
Main Author: Bertsekas, Dimitri P.
Format: Book
Language:English
Published: Englewood Cliffs, N.J. : Prentice-Hall, c1987.
Subjects:
Tags: Add Tag
No Tags, Be the first to tag this record!

MARC

LEADER 00000cam a2200000 i 4500
001 1/46793
008 950719s1987 nju| ||| |||| ||eng||
020 |a 0132215810 
035 |1 ΕΛΗ  |a 1995  |b 1807  |c ΠΑΠΑΔΟΠΟΥΛΟΣ  |l 10042891 
040 |a GR-MyUa  |b gre  |e AACR2 
041 0 |a eng 
082 7 |a 519.703   |2 (22) 
100 1 |a Bertsekas, Dimitri P. 
245 1 0 |a Dynamic programming :   |b deterministic and stochastic models /   |c Dimitri P. Bertsekas.  
260 |a Englewood Cliffs, N.J. :   |b Prentice-Hall,   |c c1987. 
300 |a 376 σ. :   |b εικ. ;   |c 24 εκ. 
500 |a "Portions of this volume are adapted and reprinted from Dynamic Programming and stochastic control by Dimitri P. Bertsekas "--Verso t.p. 
504 |a Βιβλιογραφία: σ. 360-372. Ευρετήριο. 
650 0 |a Dynamic programming. 
852 |a INST  |b SAMOS  |e 19950719  |h 519.703 BER  |p 005300009065  |q 005300009065  |t BK  |y 0 
901 |a BIBL-1997-1